Di truyền học động vật
Enregistré dans:
| Auteur principal: | |
|---|---|
| Format: | Livre |
| Langue: | Undetermined |
| Publié: |
H.
KHKT
2001
|
| Sujets: | |
| Tags: |
Ajouter un tag
Pas de tags, Soyez le premier à ajouter un tag!
|
| Thư viện lưu trữ: | Trung tâm Học liệu Trường Đại học Cần Thơ |
|---|
| LEADER | 00446nam a2200169Ia 4500 | ||
|---|---|---|---|
| 001 | CTU_50177 | ||
| 008 | 210402s9999 xx 000 0 und d | ||
| 082 | |a 591.35 | ||
| 082 | |b Nh121 | ||
| 100 | |a PHAN CỰ NHÂN | ||
| 245 | 0 | |a Di truyền học động vật | |
| 245 | 0 | |c PHAN CỰ NHÂN | |
| 260 | |a H. | ||
| 260 | |b KHKT | ||
| 260 | |c 2001 | ||
| 650 | |a animal genetics | ||
| 980 | |a Trung tâm Học liệu Trường Đại học Cần Thơ | ||